|
|
|
|
| LEADER |
00000nam0a2200000 4500 |
| 001 |
323050 |
| 005 |
20231102003531.0 |
| 035 |
|
|
|a (RuTPU)RU\TPU\book\348608
|
| 090 |
|
|
|a 323050
|
| 100 |
|
|
|a 20161007d1969 k y0rusy50 ca
|
| 101 |
0 |
|
|a rus
|
| 102 |
|
|
|a KZ
|
| 105 |
|
|
|a y dm 001zy
|
| 200 |
1 |
|
|a Изучение путей появления металлической меди в анодном шламе
|e автореферат диссертации на соискание ученой степени кандидата химических наук
|e спец. 074
|f Г. В. Макаров
|g Казахский государственный университет (КазГУ), Кафедра химии редких элементов ; науч. рук. О. А. Сонгина , Е. А. Букетов
|
| 210 |
|
|
|a Алма-Ата
|c [Б. и.]
|d 1969
|
| 215 |
|
|
|a 19 с.
|
| 300 |
|
|
|a Защита сост. 20.10.1969 г.
|
| 320 |
|
|
|a Библиогр.: с. 18-19 (6 назв.)
|
| 606 |
1 |
|
|a Медь
|x Рафинирование электролитическое
|2 stltpush
|3 (RuTPU)RU\TPU\subj\75665
|9 87341
|
| 610 |
1 |
|
|a электролитный шлам
|
| 610 |
1 |
|
|a медные порошки
|
| 610 |
1 |
|
|a образование
|
| 610 |
1 |
|
|a одновалентная медь
|
| 610 |
1 |
|
|a концентрация
|
| 610 |
1 |
|
|a одновалентные ионы
|
| 610 |
1 |
|
|a активность
|
| 610 |
1 |
|
|a электрорастворение
|
| 610 |
1 |
|
|a металлические порошки
|
| 610 |
1 |
|
|a тиомочевина
|
| 610 |
1 |
|
|a желатин
|
| 610 |
1 |
|
|a добавки
|
| 610 |
1 |
|
|a авторефераты диссертаций
|
| 610 |
1 |
|
|a библиотека А. Г. Стромберга
|
| 675 |
|
|
|a 669.3(04)
|v 3
|
| 686 |
|
|
|a 074
|2 oksvnk
|
| 700 |
|
1 |
|a Макаров
|b Г. В.
|
| 702 |
|
1 |
|a Сонгина
|b О. А.
|4 727
|
| 702 |
|
1 |
|a Букетов
|b Е. А.
|4 727
|
| 712 |
0 |
2 |
|a Казахский государственный университет (КазГУ)
|b Кафедра химии редких элементов
|c (Алма-Ата)
|2 stltpush
|3 (RuTPU)RU\TPU\col\8922
|
| 801 |
|
1 |
|a RU
|b 63413507
|c 20161007
|
| 801 |
|
2 |
|a RU
|b 63413507
|c 20181103
|g RCR
|
| 942 |
|
|
|c BK
|